[Event "5eme Open de St Chely d'Aubrac"]
[Site "St-Chely d'Aubrac"]
[Date "2005.07.09"]
[Round "1.1"]
[White "Karpatchev, Alexandr"]
[Black "Colandrea, Sauveur"]
[Result "1-0"]
[WhiteElo "2487"]
[BlackElo "1874"]
[PlyCount "77"]
[EventDate "2005.07.??"]

1. e4 Nf6 2. e5 Nd5 3. c4 Nb6 4. c5 Nd5 5. Bc4 e6 6. d4 d6 7. cxd6 cxd6 8. Nf3
Nc6 9. Qe2 Be7 10. O-O O-O 11. Rd1 Qc7 12. Bd2 dxe5 13. dxe5 a6 14. Nc3 Nxc3
15. Bxc3 b5 16. Bd3 Bb7 17. Rac1 Rfd8 18. h4 Qb6 19. a3 h6 20. h5 b4 21. axb4
Nxb4 22. Bd4 Qa5 23. Bc3 Qb6 24. Bb1 Rxd1+ 25. Rxd1 Rd8 26. Rd2 a5 27. Qc4 Bxf3
28. gxf3 Rxd2 29. Bxd2 Qc6 30. Qe2 Nd5 31. f4 Bb4 32. Be4 Kf8 33. f5 Bxd2 34.
Qxd2 Qc4 35. Qxa5 Qc1+ 36. Kh2 Qf4+ 37. Kh3 f6 38. Qd8+ Kf7 39. fxe6+ 1-0

[Event "5eme Open de St Chely d'Aubrac"]
[Site "St-Chely d'Aubrac"]
[Date "2005.07.09"]
[Round "1.2"]
[White "Richard, Emma"]
[Black "Ivanov, Mikhail M"]
[Result "0-1"]
[WhiteElo "1870"]
[BlackElo "2462"]
[PlyCount "44"]
[EventDate "2005.07.??"]

1. d4 Nf6 2. Nf3 c5 3. c3 b6 4. Bf4 e6 5. e3 Bb7 6. Nbd2 Nc6 7. Bd3 Be7 8. O-O
Nh5 9. Bg3 Nxg3 10. fxg3 h5 11. e4 cxd4 12. cxd4 h4 13. gxh4 Bxh4 14. d5 Nb4
15. Nc4 Qc7 16. Nfe5 exd5 17. Nxf7 dxc4 18. Nxh8 Qc5+ 19. Kh1 Nxd3 20. Qe2
O-O-O 21. Ng6 Bf6 22. Rad1 Re8 0-1

[Event "5eme Open de St Chely d'Aubrac"]
[Site "St-Chely d'Aubrac"]
[Date "2005.07.09"]
[Round "1.3"]
[White "Riff, Jean-Noel"]
[Black "Mathieu, Paul"]
[Result "1-0"]
[WhiteElo "2416"]
[BlackElo "1860"]
[PlyCount "73"]
[EventDate "2005.07.??"]

1. e4 Nc6 2. Nf3 e6 3. d3 d5 4. Qe2 Be7 5. g3 Nf6 6. Bg2 e5 7. O-O d4 8. c3 Bg4
9. Nbd2 Qd7 10. Nb3 Rd8 11. cxd4 Bxf3 12. Bxf3 Nxd4 13. Nxd4 Qxd4 14. Rd1 c5
15. Be3 Qd7 16. b4 b6 17. Rac1 Rc8 18. bxc5 bxc5 19. Rc4 O-O 20. Rdc1 Rcd8 21.
R1c3 Qb5 22. Bxc5 Bxc5 23. Rxc5 Qb1+ 24. Kg2 Rb8 25. Rc1 Qb6 26. Qc2 h6 27.
Rxe5 Qd4 28. Qc3 Qa4 29. Ra5 Qd7 30. d4 Rfc8 31. Rc5 Rd8 32. e5 Nh7 33. d5 Ng5
34. e6 fxe6 35. Rc7 Nxf3 36. Rxd7 Rxd7 37. dxe6 1-0

[Event "5eme Open de St Chely d'Aubrac"]
[Site "St-Chely d'Aubrac"]
[Date "2005.07.09"]
[Round "1.4"]
[White "Ballandras, Marc"]
[Black "Boudre, Jean-Pierre"]
[Result "1/2-1/2"]
[WhiteElo "1810"]
[BlackElo "2359"]
[PlyCount "91"]
[EventDate "2005.07.??"]

1. c4 b6 2. Nc3 Bb7 3. e4 e6 4. Nf3 Bb4 5. Bd3 Ne7 6. Bc2 f5 7. Qe2 O-O 8. O-O
Ng6 9. d4 f4 10. e5 Bxf3 11. Qxf3 Nc6 12. Rd1 Bxc3 13. bxc3 Na5 14. Bd3 c5 15.
Re1 Rc8 16. Ba3 Qg5 17. Rac1 Rf7 18. Kh1 Nc6 19. Bxg6 Qxg6 20. dxc5 Na5 21. Qe4
Qh5 22. Bb4 Nc6 23. cxb6 axb6 24. Rb1 f3 25. g3 Qh3 26. Rg1 Nxe5 27. Qh4 Qxh4
28. gxh4 Nxc4 29. Rbd1 d5 30. Rd3 Rf4 31. Rg3 Ne5 32. Re3 Rxb4 33. cxb4 Ng6 34.
Rxe6 Rc1+ 35. Rg1 Rc2 36. Rxb6 Rxa2 37. Rd6 Nf4 38. Rd7 g6 39. h5 Nd3 40. h4
Nxf2+ 41. Kh2 Ne4+ 42. Kh3 f2 43. Rf1 Rc2 44. Ra1 Ra2 45. Rc1 Rc2 46. Ra1
1/2-1/2

[Event "5eme Open de St Chely d'Aubrac"]
[Site "St-Chely d'Aubrac"]
[Date "2005.07.09"]
[Round "1.5"]
[White "Moingt, Jean-Claude"]
[Black "Baudry, Alain"]
[Result "1-0"]
[WhiteElo "2292"]
[BlackElo "1785"]
[PlyCount "61"]
[EventDate "2005.07.??"]

1. e4 c5 2. Nf3 d6 3. d4 cxd4 4. Nxd4 Nf6 5. Nc3 a6 6. Be2 g6 7. O-O Bg7 8. Be3
O-O 9. f4 Nbd7 10. Nb3 b5 11. Bf3 Bb7 12. a3 Rc8 13. Qd2 Rc4 14. e5 Bxf3 15.
exf6 Nxf6 16. gxf3 Qc7 17. Rad1 Rc8 18. Qf2 Qd7 19. Na5 Rxc3 20. bxc3 Rxc3 21.
Nb3 Qf5 22. Nd4 Qc5 23. Rd3 Qxa3 24. Rxc3 Qxc3 25. Qd2 Qc7 26. Ra1 Qb7 27. Qa5
Nd5 28. Qd8+ Bf8 29. Bd2 Qa7 30. c3 e5 31. fxe5 1-0

[Event "5eme Open de St Chely d'Aubrac"]
[Site "St-Chely d'Aubrac"]
[Date "2005.07.09"]
[Round "1.6"]
[White "Lagunes, Matthieu"]
[Black "Riff, Vincent"]
[Result "0-1"]
[WhiteElo "1780"]
[BlackElo "2269"]
[PlyCount "48"]
[EventDate "2005.07.??"]

1. e4 c5 2. Nf3 Nc6 3. d4 cxd4 4. Nxd4 e5 5. Nxc6 bxc6 6. Bc4 Nf6 7. O-O Bc5 8.
Bg5 h6 9. Bh4 d6 10. Nc3 g5 11. Bg3 h5 12. h4 Ng4 13. Qf3 Rh7 14. hxg5 Qxg5 15.
Na4 h4 16. Bh2 Nxh2 17. Kxh2 Bg4 18. Qb3 Qf4+ 19. Kg1 h3 20. Nxc5 hxg2 21.
Bxf7+ Rxf7 22. Nb7 gxf1=Q+ 23. Rxf1 Rg7 24. Nxd6+ Kf8 0-1

[Event "5eme Open de St Chely d'Aubrac"]
[Site "St-Chely d'Aubrac"]
[Date "2005.07.09"]
[Round "1.7"]
[White "Riff, Sebastien"]
[Black "Grezes, Yves"]
[Result "1-0"]
[WhiteElo "2216"]
[BlackElo "1760"]
[PlyCount "55"]
[EventDate "2005.07.??"]

1. e4 e5 2. Nf3 Nc6 3. c3 Nf6 4. d4 exd4 5. e5 Qe7 6. cxd4 d6 7. Bb5 Bd7 8. O-O
Ne4 9. exd6 Qxd6 10. Re1 f5 11. Nc3 O-O-O 12. Nxe4 fxe4 13. Rxe4 Qd5 14. Qe2
Bd6 15. Bc4 Qh5 16. h3 Rhf8 17. Rh4 Qg6 18. d5 Ne7 19. Bd3 Bf5 20. Bxf5+ Qxf5
21. Bg5 Rde8 22. Re4 Qxd5 23. Bxe7 Rf7 24. Rd1 Qc6 25. Rxd6 cxd6 26. Rc4 Rfxe7
27. Rxc6+ bxc6 28. Qa6+ 1-0

[Event "5eme Open de St Chely d'Aubrac"]
[Site "St-Chely d'Aubrac"]
[Date "2005.07.09"]
[Round "1.8"]
[White "Lepere, Philippe"]
[Black "Coste, Thierry"]
[Result "0-1"]
[WhiteElo "1740"]
[BlackElo "2200"]
[PlyCount "62"]
[EventDate "2005.07.??"]

1. e4 c5 2. Nf3 Nc6 3. g3 g6 4. Bg2 Bg7 5. d3 d6 6. Nbd2 e6 7. c3 Nge7 8. O-O
O-O 9. a4 b6 10. h4 Ba6 11. Nc4 Rc8 12. h5 d5 13. h6 Bh8 14. exd5 exd5 15. Na3
Qd7 16. Re1 d4 17. c4 f6 18. Kh2 Rce8 19. Bd2 Bc8 20. Re4 Ne5 21. Nxe5 fxe5 22.
Qe2 Bb7 23. f4 Nf5 24. Rf1 Bxe4 25. Bxe4 Nxh6 26. Bd5+ Nf7 27. f5 gxf5 28. Qh5
Re6 29. Rxf5 Bg7 30. Nb5 Rg6 31. Be4 a6 $138 0-1

[Event "5eme Open de St Chely d'Aubrac"]
[Site "St-Chely d'Aubrac"]
[Date "2005.07.09"]
[Round "1.9"]
[White "Deschler, Fabrice"]
[Black "Sidibe, Malika"]
[Result "1-0"]
[WhiteElo "2167"]
[BlackElo "1730"]
[PlyCount "79"]
[EventDate "2005.07.??"]

1. d4 d5 2. c4 e6 3. Nc3 Nf6 4. cxd5 exd5 5. Bg5 Be7 6. e3 Nbd7 7. Bd3 O-O 8.
Qc2 c6 9. Nf3 Re8 10. O-O Nf8 11. Rab1 N6d7 12. Bf4 Ng6 13. Nxd5 Nxf4 14. Nxf4
h6 15. Bc4 Bd6 16. Bxf7+ Kxf7 17. Qg6+ Kg8 18. Qxd6 Qa5 19. a3 Nf6 20. Ne5 Bf5
21. Rbc1 Rad8 22. Qc5 Qxc5 23. Rxc5 Ne4 24. Ra5 Nd6 25. Rxa7 g5 26. Nh5 Re6 27.
g4 Bc2 28. Rc1 Bb3 29. f3 Kf8 30. Ng3 Rf6 31. Ne4 Nxe4 32. fxe4 Ke8 33. Rxb7
Ba4 34. b3 Bb5 35. a4 Be2 36. Re1 Ba6 37. Ra7 Bc8 38. b4 Rdd6 39. Rf1 Rxf1+ 40.
Kxf1 1-0

[Event "5eme Open de St Chely d'Aubrac"]
[Site "St-Chely d'Aubrac"]
[Date "2005.07.09"]
[Round "1.10"]
[White "Perrin, Yannick"]
[Black "Chaplin, Erik"]
[Result "0-1"]
[WhiteElo "1720"]
[BlackElo "2148"]
[PlyCount "52"]
[EventDate "2005.07.??"]

1. e4 d5 2. Nc3 dxe4 3. Nxe4 e5 4. Nf3 f5 5. Nc3 e4 6. Qe2 Be7 7. Ne5 Qd4 8.
Nc4 Be6 9. b3 b5 10. Nb2 a6 11. Qe3 Nc6 12. Qxd4 Nxd4 13. Kd1 Nf6 14. Ne2 Bc5
15. d3 Nxe2 16. Kxe2 Bd4 17. Rb1 O-O 18. Bf4 Rfe8 19. g3 exd3+ 20. Kxd3 Rad8
21. Bxc7 Rd7 22. c4 Bxb2+ 23. Kc2 Ba3 24. Be5 f4 25. Bxf6 Bf5+ 26. Kc3 b4# 0-1

[Event "5eme Open de St Chely d'Aubrac"]
[Site "St-Chely d'Aubrac"]
[Date "2005.07.09"]
[Round "1.11"]
[White "Soyer, Jean-Yves"]
[Black "Lassis, Patrick"]
[Result "1-0"]
[WhiteElo "2146"]
[BlackElo "1710"]
[PlyCount "91"]
[EventDate "2005.07.??"]

1. c4 Nf6 2. Nc3 d5 3. cxd5 Nxd5 4. g3 c6 5. Bg2 Nxc3 6. bxc3 Nd7 7. Nf3 e5 8.
O-O Bd6 9. d4 O-O 10. Qc2 exd4 11. cxd4 Nf6 12. e4 Be7 13. Rb1 Qa5 14. Ne5 Re8
15. Be3 Bd6 16. Nc4 Qc7 17. Nxd6 Qxd6 18. e5 Qe6 19. exf6 Qxf6 20. Qc5 h6 21.
d5 cxd5 22. Bxd5 Qe7 23. Qc3 Qe5 24. Qxe5 Rxe5 25. Bxb7 Bxb7 26. Rxb7 Ra5 27.
Rc1 Rxa2 28. Rcc7 Kh7 29. Rxf7 Rg8 30. Bxa7 Ra1+ 31. Kg2 Ra4 32. Rfd7 Rg4 33.
Bd4 h5 34. Rxg7+ R8xg7 35. Rxg7+ Rxg7 36. Bxg7 Kxg7 37. Kf3 Kg6 38. Kf4 Kf6 39.
h4 Kg6 40. Ke5 Kh6 41. Kf6 Kh7 42. Kf7 Kh6 43. f4 Kh7 44. f5 Kh6 45. f6 Kh7 46.
Ke7 1-0

[Event "5eme Open de St Chely d'Aubrac"]
[Site "St-Chely d'Aubrac"]
[Date "2005.07.09"]
[Round "1.12"]
[White "Lengert, Vincent"]
[Black "Lagunes, Jean-Renaud"]
[Result "0-1"]
[WhiteElo "1710"]
[BlackElo "2131"]
[PlyCount "50"]
[EventDate "2005.07.??"]

1. e4 d5 2. exd5 Qxd5 3. Nf3 Nf6 4. Nc3 Qa5 5. h3 c6 6. Bc4 Bf5 7. d3 e6 8. O-O
Nbd7 9. a3 Be7 10. Re1 O-O 11. Nd4 Rfe8 12. b4 Qc7 13. Nxf5 exf5 14. Qf3 g6 15.
Bh6 Ne5 16. Qf4 Bd6 17. Qh4 Nh5 18. Bb3 Qb6 19. Re3 Be7 20. Bg5 Bxg5 21. Qxg5
Qd4 22. Rae1 Qxc3 23. f4 Qxe1+ 24. Rxe1 Nf3+ 25. gxf3 Rxe1+ 0-1

[Event "5eme Open de St Chely d'Aubrac"]
[Site "St-Chely d'Aubrac"]
[Date "2005.07.09"]
[Round "1.13"]
[White "Laine, Patrice"]
[Black "Luc, Rene"]
[Result "1-0"]
[WhiteElo "2082"]
[BlackElo "1690"]
[PlyCount "75"]
[EventDate "2005.07.??"]

1. d4 Nf6 2. c4 g6 3. Nc3 d5 4. Nf3 Bg7 5. cxd5 Nxd5 6. Qb3 Nxc3 7. bxc3 O-O 8.
e3 Nd7 9. Be2 Rb8 10. O-O a6 11. e4 e6 12. Bg5 Bf6 13. Bh6 Bg7 14. Bxg7 Kxg7
15. e5 b5 16. Rad1 Bb7 17. Nd2 c5 18. f4 Bd5 19. Qc2 cxd4 20. cxd4 Rc8 21. Qb2
Nb6 22. Bf3 Qe7 23. Bxd5 Nxd5 24. Rc1 Qb7 25. Ne4 Rxc1 26. Qxc1 Rc8 27. Qd2 Rc7
28. Nc5 Qa7 29. Rf3 b4 30. g4 Qa8 31. f5 Qc8 32. Rh3 exf5 33. Qh6+ Kg8 34.
Qxh7+ Kf8 35. Qh6+ Ke8 36. Qg5 f6 37. Qxg6+ Ke7 38. Qg7+ 1-0

[Event "5eme Open de St Chely d'Aubrac"]
[Site "St-Chely d'Aubrac"]
[Date "2005.07.09"]
[Round "1.14"]
[White "Weigel, Marie"]
[Black "Capron, Daniel"]
[Result "0-1"]
[WhiteElo "1600"]
[BlackElo "2070"]
[PlyCount "38"]
[EventDate "2005.07.??"]

1. d4 d5 2. Nf3 Bf5 3. Bf4 e6 4. e3 Nf6 5. Bd3 Ne4 6. c4 c6 7. O-O Be7 8. Nc3
g5 9. Bg3 Nxg3 10. fxg3 Bg6 11. Bxg6 hxg6 12. Qc2 Nd7 13. c5 Kf8 14. Rad1 Kg7
15. e4 g4 16. Nd2 Nxc5 17. dxc5 Bxc5+ 18. Kh1 Rxh2+ 19. Kxh2 Qh8# 0-1

[Event "5eme Open de St Chely d'Aubrac"]
[Site "St-Chely d'Aubrac"]
[Date "2005.07.09"]
[Round "1.15"]
[White "Desboeufs, Alexandre"]
[Black "Desboeufs, Claude"]
[Result "1-0"]
[WhiteElo "2052"]
[BlackElo "1599"]
[PlyCount "55"]
[EventDate "2005.07.??"]

1. e4 d6 2. d4 Nf6 3. Nc3 g6 4. f4 Bg7 5. Nf3 O-O 6. Be3 Nc6 7. Qd2 Nd7 8.
O-O-O a6 9. g4 b5 10. f5 e5 11. d5 Na5 12. h4 Nb6 13. b3 Nb7 14. h5 b4 15. Nb1
a5 16. hxg6 fxg6 17. Qh2 Kf7 18. Qxh7 gxf5 19. gxf5 Rh8 20. Qg6+ Kg8 21. Bb5
Rxh1 22. Rxh1 Bd7 23. Rg1 Qf8 24. Ng5 Qe8 25. Qh7+ Kf8 26. Bxd7 Qxd7 27. Ne6+
Ke8 28. Qg8+ 1-0

[Event "5eme Open de St Chely d'Aubrac"]
[Site "St-Chely d'Aubrac"]
[Date "2005.07.09"]
[Round "1.16"]
[White "Wavresky, Andre"]
[Black "Rosenfeld, Imre"]
[Result "0-1"]
[WhiteElo "1570"]
[BlackElo "2047"]
[PlyCount "88"]
[EventDate "2005.07.??"]

1. e4 e6 2. Qe2 Be7 3. g3 d5 4. d3 dxe4 5. dxe4 e5 6. Bg2 Nf6 7. Nf3 Nc6 8. h3
O-O 9. O-O Bc5 10. Rd1 Qe7 11. c3 Be6 12. Bg5 h6 13. Bxf6 Qxf6 14. Nbd2 Rfd8
15. Nf1 Rxd1 16. Qxd1 Rd8 17. Qe2 Qe7 18. Ne3 f6 19. b3 Bxe3 20. Qxe3 Qa3 21.
Qc1 Qd6 22. Bf1 Qd7 23. Kh2 Bf7 24. Qe1 b6 25. Be2 Na5 26. Rd1 Qe7 27. Rxd8+
Qxd8 28. Qd1 Qxd1 29. Bxd1 Nb7 30. Bc2 a5 31. Nd2 Kf8 32. f3 Ke7 33. Kg2 a4 34.
Kf2 Kd6 35. Ke3 axb3 36. axb3 Kc5 37. b4+ Kb5 38. Bd3+ Ka4 39. Bc4 Be8 40. Bd3
Nd6 41. Bc2+ Ka3 42. Kd3 Bf7 43. Nb1+ Kb2 44. Kd2 Ba2 0-1

[Event "5eme Open de St Chely d'Aubrac"]
[Site "St-Chely d'Aubrac"]
[Date "2005.07.09"]
[Round "1.17"]
[White "Duffau, Pascal"]
[Black "Ballandras, Renaud"]
[Result "1-0"]
[WhiteElo "2038"]
[BlackElo "1560"]
[PlyCount "75"]
[EventDate "2005.07.??"]

1. Nf3 Nf6 2. c4 Nc6 3. d4 e6 4. Nc3 Bb4 5. Qc2 d5 6. e3 b6 7. cxd5 Nxd5 8. Bd3
Qf6 9. O-O Nxc3 10. bxc3 Bd6 11. Bd2 Bb7 12. c4 O-O-O 13. c5 bxc5 14. dxc5 Bxc5
15. Be4 Nd4 16. Bxb7+ Kxb7 17. exd4 Bxd4 18. Nxd4 Qxd4 19. Rab1+ Kc8 20. Rfc1
Rd7 21. Qc6 Qd5 22. Qa6+ Kd8 23. Rb8+ Ke7 24. Rxh8 Qxd2 25. Qa3+ Kf6 26. h3 Rd3
27. Qc5 Qxa2 28. Qxc7 Rd2 29. Qf4+ Kg6 30. h4 f6 31. Qg4+ Kh6 32. Qf4+ Kg6 33.
Qe4+ f5 34. Qe3 h6 35. Qg3+ Kf6 36. h5 g5 37. Rxh6+ Kg7 38. Qxg5+ 1-0

[Event "5eme Open de St Chely d'Aubrac"]
[Site "St-Chely d'Aubrac"]
[Date "2005.07.09"]
[Round "1.18"]
[White "Lagunes, Robin"]
[Black "Ritzenthaler, Stephane"]
[Result "0-1"]
[WhiteElo "1560"]
[BlackElo "2037"]
[PlyCount "84"]
[EventDate "2005.07.??"]

1. d4 Nf6 2. Bg5 d5 3. Bxf6 exf6 4. c4 c6 5. e3 Bd6 6. Nc3 Qa5 7. Qa4 Qxa4 8.
Nxa4 Bf5 9. cxd5 cxd5 10. Bb5+ Nd7 11. Nf3 Rc8 12. Nc3 Be6 13. Ke2 a6 14. Ba4
b5 15. Bb3 Nb6 16. Nd2 f5 17. f3 b4 18. Na4 Nc4 19. Rac1 O-O 20. Nxc4 dxc4 21.
Bd1 Rc6 22. Kf2 Bd5 23. Re1 Re8 24. Bc2 Bc7 25. e4 fxe4 26. fxe4 Rf6+ 27. Kg1
Bc6 28. Nc5 Bb6 29. Bb1 c3 30. bxc3 bxc3 31. Re3 Rd6 32. Rexc3 Rxd4 33. Kf1
Bb5+ 34. Bd3 Bxd3+ 35. Nxd3 Rdxe4 36. Rc6 Be3 37. Re1 a5 38. Ra6 f6 39. Rxa5
Rd4 40. Ra3 Rd5 41. g4 Kf7 42. Ra7+ Bxa7 0-1

[Event "5eme Open de St Chely d'Aubrac"]
[Site "St-Chely d'Aubrac"]
[Date "2005.07.09"]
[Round "1.19"]
[White "Boulier, Rene"]
[Black "Gazel, Bruno"]
[Result "1-0"]
[WhiteElo "1996"]
[BlackElo "1550"]
[PlyCount "61"]
[EventDate "2005.07.??"]

1. e4 c6 2. Nf3 d5 3. exd5 cxd5 4. d4 Nf6 5. Bd3 Bg4 6. h3 Bxf3 7. Qxf3 e6 8.
O-O Bd6 9. c3 O-O 10. Bg5 Nbd7 11. Nd2 Qb6 12. a3 Rac8 13. Rab1 Rfe8 14. Rfe1
e5 15. Bf5 e4 16. Qe3 Bb8 17. Bxf6 Nxf6 18. Bxc8 Rxc8 19. f3 Qd6 20. fxe4 Qh2+
21. Kf1 Nh5 22. e5 Nf4 23. Qg1 Qg3 24. Re3 Qg5 25. Nf3 Qf5 26. Rd1 Rc6 27. Qf2
Rh6 28. Ng1 Qh5 29. Rde1 Ne6 30. Qf3 Qg5 31. Qxd5 1-0

[Event "5eme Open de St Chely d'Aubrac"]
[Site "St-Chely d'Aubrac"]
[Date "2005.07.09"]
[Round "1.20"]
[White "Casasnovas, Vincent"]
[Black "Vidalinc, Jean-Louis"]
[Result "0-1"]
[WhiteElo "1530"]
[BlackElo "1986"]
[PlyCount "84"]
[EventDate "2005.07.??"]

1. e4 e6 2. d3 d5 3. Nd2 Nf6 4. Ngf3 Nc6 5. g3 dxe4 6. dxe4 e5 7. Bg2 Bc5 8.
O-O O-O 9. h3 h6 10. c3 a5 11. Re1 Be6 12. Qc2 Qc8 13. Kh2 Bxf2 14. Rd1 Rd8 15.
b3 Qd7 16. Bb2 Qd3 17. Qxd3 Rxd3 18. Nf1 Rad8 19. Rxd3 Rxd3 20. N1d2 g5 21. Bf1
Rd8 22. g4 Be3 23. Rd1 Nxe4 24. Nxe4 Rxd1 25. Nf6+ Kg7 26. Nh5+ Kg6 27. Bg2 e4
28. Ne5+ Nxe5 29. Bxe4+ f5 30. gxf5+ Bxf5 31. Bxf5+ Kxf5 32. Ng3+ Ke6 33. Ne4
Nd3 34. Ba3 b6 35. Bf8 h5 36. Bh6 Kf5 37. Ng3+ Kg6 38. Bf8 Bf4 39. Kg2 Rd2+ 40.
Kf3 Rf2+ 41. Ke4 Bxg3 42. Kxd3 Rxf8 0-1

[Event "5eme Open de St Chely d'Aubrac"]
[Site "St-Chely d'Aubrac"]
[Date "2005.07.09"]
[Round "1.21"]
[White "Rabier, Jean"]
[Black "Cremers, Bertrand"]
[Result "1-0"]
[WhiteElo "1985"]
[BlackElo "1510"]
[PlyCount "33"]
[EventDate "2005.07.??"]

1. d4 Nf6 2. Nc3 d5 3. e4 dxe4 4. f3 Bf5 5. g4 Bg6 6. h4 exf3 7. Qxf3 Nc6 8.
Bb5 Qd7 9. d5 Qxg4 10. dxc6 Qxf3 11. cxb7+ Kd8 12. Nxf3 Rb8 13. Bc6 e6 14. Be3
Bb4 15. O-O-O+ Ke7 16. a3 Bxc3 17. Bc5# 1-0

[Event "5eme Open de St Chely d'Aubrac"]
[Site "St-Chely d'Aubrac"]
[Date "2005.07.09"]
[Round "1.22"]
[White "Carabetta, Gaetan"]
[Black "Nass, Emile"]
[Result "0-1"]
[WhiteElo "1480"]
[BlackElo "1984"]
[PlyCount "60"]
[EventDate "2005.07.??"]

1. d4 Nf6 2. c4 d6 3. Nc3 Nbd7 4. Nf3 e5 5. d5 a5 6. e4 Be7 7. Rb1 Nc5 8. Bd3
O-O 9. Be3 Nfd7 10. O-O b6 11. a3 f5 12. b4 axb4 13. axb4 Nxd3 14. Qxd3 Nf6 15.
Ra1 Rxa1 16. Rxa1 fxe4 17. Nxe4 Nxe4 18. Qxe4 Bf5 19. Qxf5 Rxf5 20. b5 h6 21.
h3 Bg5 22. Nxg5 hxg5 23. g4 Rf8 24. Kg2 Qf6 25. Ra7 Qf3+ 26. Kh2 Rf6 27. Rxc7
Rh6 28. Kg1 Rxh3 29. Rc8+ Kh7 30. Kf1 Rh1# 0-1

[Event "5eme Open de St Chely d'Aubrac"]
[Site "St-Chely d'Aubrac"]
[Date "2005.07.09"]
[Round "1.23"]
[White "Gaftarnik, Olivier"]
[Black "Jaffar, Nasser"]
[Result "1-0"]
[WhiteElo "1965"]
[BlackElo "1430"]
[PlyCount "43"]
[EventDate "2005.07.??"]

1. e4 e5 2. Nf3 Nc6 3. Bb5 Nf6 4. d3 Bc5 5. O-O d5 6. exd5 Qxd5 7. Nc3 Qd6 8.
Nxe5 O-O 9. Nc4 Qe6 10. Re1 Qf5 11. Ne3 Qg6 12. Bxc6 bxc6 13. Qf3 Re8 14. Qxc6
Bxe3 15. Bxe3 a6 16. Qxa8 Bh3 17. Qf3 Bg4 18. Qf4 Bh3 19. Qg3 Ng4 20. Qxh3 Nxe3
21. Rxe3 Rxe3 22. Qc8+ 1-0

[Event "5eme Open de St Chely d'Aubrac"]
[Site "St-Chely d'Aubrac"]
[Date "2005.07.09"]
[Round "1.24"]
[White "Trzesniower, Jacques"]
[Black "Tassetti, Matthieu"]
[Result "0-1"]
[WhiteElo "1430"]
[BlackElo "1956"]
[PlyCount "54"]
[EventDate "2005.07.??"]

1. Nf3 Nf6 2. g3 g6 3. Bg2 Bg7 4. O-O O-O 5. d3 d6 6. e4 Nbd7 7. Nbd2 c5 8. Qe2
Qc7 9. Re1 Ne8 10. c3 Rb8 11. a4 b6 12. Nc4 Bb7 13. Bg5 f6 14. Bf4 e5 15. Bc1
d5 16. Ncd2 Nd6 17. h3 c4 18. Nh2 cxd3 19. Qxd3 Nc5 20. Qc2 dxe4 21. Ng4 f5 22.
Ne3 Rbd8 23. Rf1 f4 24. Nec4 f3 25. Bh1 Nd3 26. Qb3 Bd5 27. Qb4 Nxb4 0-1

[Event "5eme Open de St Chely d'Aubrac"]
[Site "St-Chely d'Aubrac"]
[Date "2005.07.09"]
[Round "1.25"]
[White "Joli, Laurent"]
[Black "Capron, Michel"]
[Result "1-0"]
[WhiteElo "1938"]
[BlackElo "1400"]
[PlyCount "59"]
[EventDate "2005.07.??"]

1. e4 e5 2. Nf3 Nc6 3. Bc4 Bc5 4. c3 Nf6 5. d3 d5 6. exd5 Nxd5 7. Ng5 Be6 8.
Nxe6 fxe6 9. Qh5+ g6 10. Qg4 Qf6 11. O-O h5 12. Qg5 O-O 13. Qxf6 Rxf6 14. Nd2
Rf7 15. Ne4 b6 16. Nxc5 bxc5 17. Be3 Nxe3 18. fxe3 Rxf1+ 19. Rxf1 Rd8 20. Bxe6+
Kh8 21. Bc4 e4 22. d4 cxd4 23. exd4 e3 24. Re1 Re8 25. Bb5 Rb8 26. Bxc6 Rxb2
27. a4 e2 28. Kf2 Rb6 29. Bd5 c6 30. Be4 1-0

[Event "5eme Open de St Chely d'Aubrac"]
[Site "St-Chely d'Aubrac"]
[Date "2005.07.09"]
[Round "1.26"]
[White "Karsenty, Madeleine"]
[Black "Lengert, Martin"]
[Result "0-1"]
[WhiteElo "1380"]
[BlackElo "1913"]
[PlyCount "68"]
[EventDate "2005.07.??"]

1. d4 d5 2. Nf3 e6 3. e3 Nf6 4. Bd3 c5 5. c3 Nc6 6. Nbd2 Bd6 7. O-O O-O 8. Qe2
Re8 9. e4 dxe4 10. Nxe4 Nxe4 11. Qxe4 g6 12. Bg5 Be7 13. Bxe7 Qxe7 14. dxc5
Qxc5 15. Rad1 e5 16. Rfe1 Bf5 17. Qc4 Qxc4 18. Bxc4 Rad8 19. Ng5 Be6 20. Nxe6
Rxd1 21. Rxd1 fxe6 22. Kf1 Re7 23. b4 Kf7 24. Rd3 Rc7 25. Rd6 Nxb4 26. Bxe6+
Ke7 27. Rd7+ Rxd7 28. Bxd7 Nxa2 29. Bc8 b5 30. Ba6 Nxc3 31. f3 Kd6 32. Ke1 Kc5
33. Kd2 Nd5 34. Kd3 Nb4+ 0-1

[Event "5eme Open de St Chely d'Aubrac"]
[Site "St-Chely d'Aubrac"]
[Date "2005.07.09"]
[Round "1.27"]
[White "Chokbengboun, Thomas"]
[Black "Corbet, Philippe"]
[Result "1-0"]
[WhiteElo "1900"]
[BlackElo "1350"]
[PlyCount "67"]
[EventDate "2005.07.??"]

1. c4 e5 2. Nc3 Bc5 3. e3 Nc6 4. g3 d6 5. Bg2 Nge7 6. Nge2 O-O 7. d4 exd4 8.
exd4 Bb6 9. O-O Nf5 10. Na4 Qf6 11. Nxb6 axb6 12. Be3 Qe6 13. Qc1 Nxe3 14. fxe3
Re8 15. d5 Qxe3+ 16. Qxe3 Rxe3 17. dxc6 Rxe2 18. cxb7 Rxg2+ 19. Kxg2 Bxb7+ 20.
Kf2 d5 21. cxd5 Bxd5 22. a3 f5 23. Rac1 c5 24. Rfd1 Rd8 25. b4 c4 26. Rxc4 Kf7
27. Rcd4 Ke6 28. Re1+ Kf6 29. Red1 Ke5 30. Ke3 g5 31. a4 Rd7 32. a5 bxa5 33.
bxa5 Ke6 34. a6 1-0

[Event "5eme Open de St Chely d'Aubrac"]
[Site "St-Chely d'Aubrac"]
[Date "2005.07.09"]
[Round "1.28"]
[White "Ruetsch, Johan"]
[Black "De Biasi, Robert"]
[Result "0-1"]
[WhiteElo "1270"]
[BlackElo "1895"]
[PlyCount "92"]
[EventDate "2005.07.??"]

1. e4 c5 2. Nf3 d6 3. Bb5+ Bd7 4. Bxd7+ Nxd7 5. O-O Ngf6 6. d3 e5 7. Nc3 Be7 8.
Bg5 Nb6 9. Bxf6 Bxf6 10. Nd5 Nxd5 11. exd5 O-O 12. c4 a6 13. Qb3 Rb8 14. a4 Re8
15. Rfe1 Qd7 16. Re4 b5 17. axb5 axb5 18. cxb5 Rxb5 19. Qa4 Qb7 20. b4 Rb8 21.
Rb1 Qxd5 22. Rb3 g6 23. Nd2 Qb7 24. Rc4 Ra8 25. Qxb5 Qxb5 26. h3 cxb4 27. Rcxb4
Qd7 28. Ne4 Kg7 29. Rb7 Qc6 30. R7b6 Qc2 31. Rc3 Qd1+ 32. Kh2 Be7 33. Ng3 Qe1
34. Rc2 d5 35. Rbc6 Ra1 36. Rc1 Rxc1 37. Rxc1 Qxc1 38. Ne2 Qd1 39. Nc3 Qxd3 40.
Na4 Bd6 41. Nb2 Qd2 42. Na4 Qxf2 43. Kh1 Qe1+ 44. Kh2 e4+ 45. g3 Qxg3+ 46. Kh1
Qh2# 0-1

[Event "5eme Open de St Chely d'Aubrac"]
[Site "St-Chely d'Aubrac"]
[Date "2005.07.10"]
[Round "2.1"]
[White "Rosenfeld, Imre"]
[Black "Karpatchev, Alexandr"]
[Result "0-1"]
[WhiteElo "2047"]
[BlackElo "2487"]
[PlyCount "82"]
[EventDate "2005.07.??"]

1. d4 d5 2. Nf3 Nf6 3. e3 c5 4. c3 Nbd7 5. Bd3 g6 6. Nbd2 Bg7 7. O-O O-O 8. b4
c4 9. Bc2 Qc7 10. e4 e5 11. Bb2 Ng4 12. dxe5 dxe4 13. Bxe4 Ndxe5 14. h3 Nxf3+
15. Nxf3 Rd8 16. Qc1 Nf6 17. Bc2 Nd5 18. Be4 Nf4 19. Re1 Bh6 20. Qb1 Nd3 21.
Rd1 Nf4 22. Rxd8+ Qxd8 23. Qd1 Qe7 24. Bc2 Bd7 25. Qe1 Qf6 26. Qe5 Bg7 27. Qxf6
Bxf6 28. Kf1 Bc6 29. Rd1 a5 30. bxa5 Rxa5 31. a4 Bxa4 32. Bxa4 Rxa4 33. Ne1 b5
34. Nc2 Nd3 35. Ba3 Bxc3 36. Bd6 Ra2 37. Ne3 Rxf2+ 38. Kg1 Re2 39. Nd5 Bd4+ 40.
Kh2 Be5+ 41. Bxe5 Rxe5 0-1

[Event "5eme Open de St Chely d'Aubrac"]
[Site "St-Chely d'Aubrac"]
[Date "2005.07.10"]
[Round "2.2"]
[White "Ivanov, Mikhail M"]
[Black "Duffau, Pascal"]
[Result "1-0"]
[WhiteElo "2462"]
[BlackElo "2038"]
[PlyCount "67"]
[EventDate "2005.07.??"]

1. Nf3 Nf6 2. c4 e6 3. Nc3 d5 4. d4 Be7 5. Bg5 Nbd7 6. e3 O-O 7. Qc2 c6 8. Rd1
b6 9. Be2 Bb7 10. O-O Rc8 11. e4 Nxe4 12. Bxe7 Qxe7 13. Nxe4 dxe4 14. Qxe4 Rfd8
15. Rfe1 Nf6 16. Qe3 Qc7 17. c5 Nd5 18. Qa3 b5 19. g3 a5 20. h4 Ra8 21. Ne5 Ba6
22. Bh5 g6 23. Bf3 b4 24. Qa4 Bb5 25. Qc2 Rab8 26. h5 Qe7 27. Qd2 Rb7 28. hxg6
hxg6 29. Kg2 Qf6 30. Rh1 Qg7 31. Rh6 g5 32. Rdh1 {#} 32... Nf4+ 33. gxf4 gxf4+
34. Ng4 1-0